La nouvelle planification sanitaire et sociale, par Alain Jourdain et Pierre-Henri Bréchat (dir.) (Presses EHESP, 2008, 248 p.) (notice n° 1630128)

détails MARC
000 -LEADER
fixed length control field 00873cam a2200157 4500500
005 - DATE AND TIME OF LATEST TRANSACTION
control field 20260111103258.0
041 ## - LANGUAGE CODE
Language code of text/sound track or separate title fre
042 ## - AUTHENTICATION CODE
Authentication code dc
100 10 - MAIN ENTRY--PERSONAL NAME
Personal name Marmet, Carole
Relator term author
245 00 - TITLE STATEMENT
Title La nouvelle planification sanitaire et sociale, par Alain Jourdain et Pierre-Henri Bréchat (dir.) (Presses EHESP, 2008, 248 p.)
260 ## - PUBLICATION, DISTRIBUTION, ETC.
Date of publication, distribution, etc. 2009.<br/>
500 ## - GENERAL NOTE
General note 45
520 ## - SUMMARY, ETC.
Summary, etc. RésuméEt si les choix politiques des travailleurs sociaux et des français en général répondaient à un besoin psychologique avant tout ? Et si choisir entre gauche et droite revenait à choisir entre les valeurs paternelles et celles maternelles ?Cette question vaut bien un petit détour pour penser…
786 0# - DATA SOURCE ENTRY
Note Le Sociographe | 30 | 3 | 2009-09-01 | p. 114c-122c | 1297-6628
856 41 - ELECTRONIC LOCATION AND ACCESS
Uniform Resource Identifier <a href="https://shs.cairn.info/revue-le-sociographe-2009-3-page-114c?lang=fr&redirect-ssocas=7080">https://shs.cairn.info/revue-le-sociographe-2009-3-page-114c?lang=fr&redirect-ssocas=7080</a>

Pas d'exemplaire disponible.

PLUDOC

PLUDOC est la plateforme unique et centralisée de gestion des bibliothèques physiques et numériques de Guinée administré par le CEDUST. Elle est la plus grande base de données de ressources documentaires pour les Étudiants, Enseignants chercheurs et Chercheurs de Guinée.

Adresse

627 919 101/664 919 101

25 boulevard du commerce
Kaloum, Conakry, Guinée

Réseaux sociaux

Powered by Netsen Group @ 2025